[Event "CUB-ch"]
[Site "Cuba"]
[Date "1988.??.??"]
[Round "?"]
[White "Pecorelli Garcia, Humberto"]
[Black "Estevez Morales, Guillermo"]
[Result "1/2-1/2"]
[WhiteElo "2310"]
[BlackElo "2310"]
[PlyCount "34"]
[EventDate "1988.10.??"]
[EventType "swiss"]
[EventRounds "10"]
[EventCountry "CUB"]
[SourceTitle "TD"]
[Source "ChessBase"]
[SourceDate "1994.03.01"]
[SourceVersion "1"]
[SourceVersionDate "1994.03.01"]
[SourceQuality "1"]

1. d4 Nf6 2. Nf3 e6 3. Bf4 d5 4. c4 dxc4 5. Nc3 Bb4 6. Qc2 Nd5 7. Bd2 Nc6 8. e4 Nb6 9. a3 Be7 10. Be3 0-0 11. Rd1 Bd7 12. Be2 Qe8 13. 0-0 f5 14. d5 exd5 15. Nxd5 Bd6 16. Bxb6 axb6 17. Nxb6 Bxh2+ 1/2-1/2